[Event "XXXI Moglianoscacchi C"]
[Site "Mogliano Veneto ITA"]
[Date "2010.05.02"]
[Round "5"]
[White "Paneghel, Silla"]
[Black "Ramundi, Claudia"]
[Result "1-0"]
[WhiteElo "1392"]
[BlackElo "1413"]
[PlyCount "133"]
[EventDate "2010.04.30"]

1. e4 e5 2. Nf3 Nc6 3. d4 exd4 4. Nxd4 Nf6 5. Nc3 Bc5 6. Be3 O-O 7. Bc4 Re8 8.
Nxc6 bxc6 9. Bxc5 Nxe4 10. Be3 d5 11. Bd3 Bf5 12. Nxe4 d4 13. Qf3 Bxe4 14. Bxe4
dxe3 15. fxe3 Qh4+ 16. g3 Qxe4 17. Qxe4 Rxe4 18. Kf2 Rae8 19. Rhe1 h6 20. Rad1
R8e6 21. Rd7 Rf6+ 22. Ke2 Rfe6 23. Kf2 Rc4 24. Re2 Rf6+ 25. Kg2 Rb4 26. Rxc7
Rxb2 27. Rxa7 Rd6 28. Rf2 f6 29. c4 Rxf2+ 30. Kxf2 Rd2+ 31. Kg1 Rc2 32. Ra4 Kf7
33. Ra7+ Kg6 34. Ra4 Kf5 35. Kf1 Ke4 36. c5+ Kxe3 37. Ra3+ Kd4 38. Ra7 g5 39.
Rf7 Rxa2 40. Rxf6 Kxc5 41. Rxh6 Rd2 42. Rh5 Rd5 43. h4 Kd4 44. Rxg5 Rd7 45. Rf5
Ke4 46. Rf6 c5 47. h5 c4 48. Rc6 Rf7+ 49. Kg2 Kd5 50. Rg6 c3 51. Rg5+ Kc4 52.
Rg8 c2 53. h6 c1=Q 54. Rc8+ Kb3 55. Rxc1 Rh7 56. Rc6 Kb4 57. g4 Kb5 58. Rf6 Kc5
59. Kh3 Kd5 60. g5 Ke5 61. Kh4 Kd5 62. Kh5 Ke5 63. g6 Rc7 64. Rf7 Rc8 65. g7
Rg8 66. Rf8 Rxf8 67. gxf8=Q 1-0

[Event "XXXI Moglianoscacchi C"]
[Site "Mogliano Veneto ITA"]
[Date "2010.05.02"]
[Round "5"]
[White "Ramundi, Lorenzo"]
[Black "Simonetto, Adriano"]
[Result "0-1"]
[WhiteElo "1497"]
[BlackElo "1542"]
[PlyCount "100"]
[EventDate "2010.04.30"]

1. e4 c5 2. Nc3 d6 3. f4 Nc6 4. Bb5 Bd7 5. Bxc6 Bxc6 6. Nf3 Nf6 7. d3 g6 8. O-O
Bg7 9. Qe1 O-O 10. Qh4 Nd7 11. f5 e6 12. Qh3 exf5 13. Bh6 fxe4 14. dxe4 Re8 15.
Ng5 Bd4+ 16. Kh1 Bf6 17. Nf3 Ne5 18. Nxe5 Bxe5 19. Qf3 f6 20. Qg4 Bxc3 21. bxc3
Rxe4 22. Qg3 Re2 23. Rf2 Rxf2 24. Qxf2 Qe7 25. Re1 Qf7 26. h3 g5 27. Qf5 Bd7
28. Qd3 d5 29. h4 Bc6 30. hxg5 fxg5 31. Bxg5 Qh5+ 32. Qh3 Qxh3+ 33. gxh3 Rf8
34. Kg1 Rf3 35. Be7 Rxc3 36. Re2 d4 37. Re5 c4 38. Rf5 Rxc2 39. Rf8+ Kg7 40.
Rf4 d3 41. Bf8+ Kg8 42. Bh6 Rc1+ 43. Kf2 Rc2+ 44. Ke1 Re2+ 45. Kd1 Ba4+ 46. Kc1
d2+ 47. Kb2 d1=Q+ 48. Kc3 Qd3+ 49. Kb4 Qd6+ 50. Kxa4 Qxh6 0-1

[Event "XXXI Moglianoscacchi C"]
[Site "Mogliano Veneto ITA"]
[Date "2010.05.02"]
[Round "5"]
[White "Serradura, Gianluca"]
[Black "Sorrentino, Francesco"]
[Result "0-1"]
[WhiteElo "1358"]
[BlackElo "1428"]
[PlyCount "62"]
[EventDate "2010.04.30"]

1. e4 c6 2. d3 g6 3. Nd2 Bg7 4. Ngf3 d5 5. g3 e6 6. Bg2 Ne7 7. O-O O-O 8. e5 b5
9. d4 Nd7 10. c3 a5 11. a4 Nb6 12. axb5 cxb5 13. Qb3 Bd7 14. Re1 a4 15. Qc2 Nc6
16. Bf1 Na5 17. b3 axb3 18. Qb2 Nbc4 19. Nxc4 bxc4 20. Ra3 Qc7 21. Bf4 Qb6 22.
Rc1 Rfc8 23. Nd2 Bf8 24. Rxa5 Rxa5 25. Ra1 Rca8 26. Rxa5 Qxa5 27. Qc1 Rb8 28.
Bxc4 dxc4 29. Nxc4 Qa2 30. Kg2 b2 31. Nxb2 31... Rxb2 {...} 0-1

[Event "XXXI Moglianoscacchi C"]
[Site "Mogliano Veneto ITA"]
[Date "2010.05.02"]
[Round "5"]
[White "Stefanutti, Piero"]
[Black "Caruso, Gaetano"]
[Result "1/2-1/2"]
[WhiteElo "1422"]
[BlackElo "1502"]
[PlyCount "144"]
[EventDate "2010.04.30"]

1. e4 c5 2. Nf3 d6 3. d4 cxd4 4. Nxd4 Nf6 5. Nc3 a6 6. Bg5 e6 7. f4 Qc7 8. Bxf6
gxf6 9. Bd3 Nc6 10. Nb3 b5 11. Qe2 Rb8 12. a3 h5 13. f5 Ne5 14. Nd5 exd5 15.
exd5 Qb6 16. Rc1 Bh6 17. Rd1 Qe3 18. h4 Qxe2+ 19. Bxe2 Bxf5 20. Nd4 Bd7 21.
Bxh5 Be3 22. Be2 Bxd4 23. Rxd4 Ke7 24. g4 Rbg8 25. Re4 Kd8 26. Rf4 Nxg4 27.
Bxg4 Bxg4 28. Rxf6 Ke7 29. Rf4 f5 30. Rh2 Kd7 31. a4 Re8+ 32. Kd2 Re5 33. c4
bxc4 34. Rxc4 Rxd5+ 35. Kc3 Rc5 36. b4 Rxc4+ 37. Kxc4 Rc8+ 38. Kb3 Bd1+ 39. Ka3
Rc3+ 40. Kb2 Rb3+ 41. Kc1 Bh5 42. Rf2 Bg4 43. Rf4 Ke6 44. Kc2 Rg3 45. Rc4 Be2
46. Rc8 Kd5 47. Rf8 Bd3+ 48. Kd2 Rh3 49. Rh8 Ke6 50. h5 d5 51. h6 Kf6 52. Rd8
Bc4 53. b5 axb5 54. axb5 Rxh6 55. b6 Ke7 56. b7 Rb6 57. b8=Q Rxb8 58. Rxb8 Kf6
59. Ke3 Kg5 60. Rg8+ Kf6 61. Kf4 Bd3 62. Rf8+ Ke7 63. Rh8 Be4 64. Rh6 d4 65.
Rh2 Kd6 66. Rd2 Kc5 67. Kg3 Kc4 68. Kf2 Kc3 69. Ke1 d3 70. Ra2 Kb3 71. Rd2 Kc4
72. Rh2 Kd4 1/2-1/2

[Event "XXXI Moglianoscacchi C"]
[Site "Mogliano Veneto ITA"]
[Date "2010.05.02"]
[Round "5"]
[White "Stradiotto, Angelo"]
[Black "Rossi, Aldo V."]
[Result "1-0"]
[WhiteElo "1461"]
[BlackElo "1398"]
[PlyCount "131"]
[EventDate "2010.04.30"]

1. Nf3 c5 2. e3 d6 3. d4 cxd4 4. Nxd4 e6 5. Bd3 Nf6 6. Nd2 Be7 7. O-O O-O 8.
N2f3 a6 9. c4 Nbd7 10. Bc2 Qc7 11. Qd3 Nc5 12. Qe2 b6 13. b3 Bb7 14. Bb2 Rfd8
15. Rad1 d5 16. Bb1 dxc4 17. Qxc4 b5 18. Qc3 Rac8 19. Rc1 Qd6 20. Ng5 Qd5 21.
Ndf3 Nce4 22. Qd4 Nxg5 23. Qxd5 Nxf3+ 24. Qxf3 Bxf3 25. gxf3 b4 26. Kh1 a5 27.
Rg1 g6 28. h4 Nh5 29. Rxc8 Rxc8 30. Rg4 f5 31. Rd4 Bf6 32. Rd2 Bxh4 33. Kg2 Rd8
34. Rc2 Bf6 35. Bc1 Ng7 36. a3 Bc3 37. axb4 axb4 38. f4 Ne8 39. f3 Nd6 40. Bd2
Nb5 41. Bxc3 Nxc3 42. Rc1 Rd1 43. Rxd1 Nxd1 44. e4 Kf7 45. e5 Nc3 46. Bc2 h6
47. Bd3 g5 48. fxg5 hxg5 49. Kg3 Nd5 50. Bb1 Kg6 51. Bd3 Kh5 52. Bb5 Nc7 53.
Bc4 f4+ 54. Kh3 Ne8 55. Bxe6 Ng7 56. Bf7+ Kh6 57. Kg4 Kh7 58. Kxg5 Kh8 59. Kxf4
Kh7 60. Kg5 Kh8 61. f4 Kh7 62. f5 Nxf5 63. Kxf5 Kg7 64. Bg6 Kf8 65. Kf6 Kg8 66.
e6 1-0

[Event "XXXI Moglianoscacchi C"]
[Site "Mogliano Veneto ITA"]
[Date "2010.05.02"]
[Round "5"]
[White "Testolin, Marco"]
[Black "Caverzan, Marco"]
[Result "1-0"]
[WhiteElo "1386"]
[BlackElo "1410"]
[PlyCount "105"]
[EventDate "2010.04.30"]

1. e4 c5 2. Nf3 d6 3. Bb5+ Bd7 4. Bxd7+ Qxd7 5. O-O Nf6 6. Nc3 Nc6 7. d3 e6 8.
Bg5 Be7 9. Re1 h6 10. Be3 g5 11. d4 g4 12. Nh4 cxd4 13. Bxd4 O-O-O 14. g3 Nxd4
15. Qxd4 Kb8 16. Ng2 Rc8 17. e5 dxe5 18. Qxe5+ Ka8 19. Red1 Qe8 20. Qa5 Rc5 21.
Qa3 Rb5 22. Qa4 Rxb2 23. Qxe8+ Rxe8 24. Ne3 Rc8 25. Ne2 a6 26. Rdb1 Rxb1+ 27.
Rxb1 Bc5 28. c3 Bxe3 29. fxe3 Nd5 30. Kf2 Nxc3 31. Rc1 Kb8 32. Rxc3 Rxc3 33.
Nxc3 Kc7 34. Ke2 Kc6 35. Kd3 b5 36. Kd4 b4 37. Na4 Kd6 38. e4 Kc6 39. Kc4 a5
40. e5 h5 41. Nb2 Kb6 42. Nd3 Kc6 43. Nf4 Kb6 44. Nxh5 Kc6 45. Nf6 Kc7 46. Kb5
Kd8 47. Kxa5 b3 48. axb3 Kc7 49. b4 Kc6 50. b5+ Kb7 51. Nxg4 Ka7 52. h4 Kb7 53.
h5 1-0

[Event "XXXI Moglianoscacchi C"]
[Site "Mogliano Veneto ITA"]
[Date "2010.05.02"]
[Round "5"]
[White "Vannini, Daniele"]
[Black "Marton, Massimiliano"]
[Result "0-1"]
[WhiteElo "1440"]
[BlackElo "1535"]
[PlyCount "64"]
[EventDate "2010.04.30"]

1. e4 e6 2. d3 d5 3. exd5 exd5 4. h3 Nf6 5. Nf3 c5 6. c3 b6 7. Be2 Bb7 8. Bf4
Bd6 9. Bxd6 Qxd6 10. Nbd2 Nc6 11. a3 O-O 12. O-O Rfe8 13. Nh2 Re7 14. Re1 Rae8
15. Nhf3 Nd8 16. Bf1 Ne6 17. Qc2 a6 18. g3 b5 19. Bg2 Nh5 20. d4 c4 21. Re5 g6
22. Rae1 f6 23. R5e3 Bc8 24. Nh2 Nhg7 25. Ng4 Ng5 26. Rxe7 Rxe7 27. Rxe7 Qxe7
28. Bxd5+ Kh8 29. Bg2 Qe1+ 30. Kh2 Bf5 31. Ne4 Nxe4 32. Ne3 Nxf2 0-1

[Event "XXXI Moglianoscacchi B"]
[Site "Mogliano Veneto ITA"]
[Date "2010.04.30"]
[Round "1"]
[White "Aprile, Martino"]
[Black "Scian, Nicola"]
[Result "0-1"]
[WhiteElo "1841"]
[BlackElo "1689"]
[PlyCount "174"]
[EventDate "2010.04.30"]

1. e4 e5 2. Nf3 Nc6 3. Bb5 a6 4. Ba4 Nf6 5. O-O Be7 6. Re1 b5 7. Bb3 d6 8. c3
O-O 9. h3 Nb8 10. d4 Nbd7 11. Nbd2 Bb7 12. Bc2 Re8 13. Nf1 Bf8 14. Ng3 g6 15.
Bg5 h6 16. Be3 exd4 17. Bxd4 c5 18. Bxf6 Qxf6 19. Qd2 Nb6 20. Bb3 Rad8 21. Bd5
Nxd5 22. exd5 Bc8 23. Ne4 Qg7 24. Re2 f5 25. Ng3 Rxe2 26. Nxe2 Re8 27. Re1 Qf7
28. b3 Bg7 29. c4 b4 30. Kf1 Bd7 31. Qf4 Qf6 32. Qd2 a5 33. Rb1 g5 34. Ng3 Qg6
35. Qc2 Kf7 36. Nd2 Be5 37. Re1 Bc3 38. Rxe8 Kxe8 39. Nb1 Be5 40. Nd2 Kf7 41.
Ke2 Bf4 42. Nf3 h5 43. Kf1 Bxg3 44. fxg3 Qf6 45. Kf2 g4 46. hxg4 fxg4 47. Qh7+
Ke8 48. Qg8+ Ke7 49. Qh7+ Kd8 50. Qxh5 gxf3 51. Qxf3 Qd4+ 52. Qe3 Qb2+ 53. Qe2
Qxe2+ 54. Kxe2 Bf5 55. Kd2 Ke7 56. Kc1 Kf6 57. Kb2 Kg5 58. Ka1 Kg4 59. Kb2 Kxg3
60. a4 Kxg2 61. Kc1 Kf2 62. Kd2 Bb1 63. Kc1 Ba2 64. Kb2 Bxb3 65. Kxb3 Ke3 66.
Kb2 Kd2 67. Kb3 Kd3 68. Kb2 Kxc4 69. Kc2 b3+ 70. Kb2 Kb4 71. Ka1 Ka3 72. Kb1 b2
73. Kc2 Ka2 74. Kc3 b1=Q 75. Kd2 Qb3 76. Ke2 Kb2 77. Kf2 Qd3 78. Kg2 Qe3 79.
Kh2 Qf3 80. Kg1 Qe2 81. Kh1 Kb3 82. Kg1 Kxa4 83. Kh1 Kb4 84. Kg1 a4 85. Kh1 a3
86. Kg1 a2 87. Kh1 a1=R# 0-1

[Event "XXXI Moglianoscacchi B"]
[Site "Mogliano Veneto ITA"]
[Date "2010.04.30"]
[Round "1"]
[White "Ballarin, Gabriele"]
[Black "Lucich, Gianni"]
[Result "1-0"]
[WhiteElo "1794"]
[BlackElo "1496"]
[PlyCount "69"]
[EventDate "2010.04.30"]

1. e4 d6 2. d4 Nf6 3. Nc3 g6 4. Be3 Bg7 5. f3 Nbd7 6. Qd2 h6 7. Nge2 c6 8. g4
g5 9. h4 gxh4 10. Rxh4 Ng8 11. Ng3 e6 12. Rh3 Qa5 13. Rh5 Qc7 14. O-O-O e5 15.
Nf5 Bf8 16. dxe5 Nxe5 17. Nxd6+ Bxd6 18. Qxd6 Qxd6 19. Rxd6 Nxf3 20. Bh3 Ke7
21. Bc5 Ke8 22. Ne2 Ng5 23. Bd4 Rh7 24. Ng3 Nxh3 25. Rxh3 Bxg4 26. Rh4 Be6 27.
Nf5 Bxf5 28. exf5 h5 29. Bc5 b6 30. Re4+ Ne7 31. Ba3 Kf8 32. Rd7 f6 33. Bxe7+
Ke8 34. Rb7 Rf7 35. Bd6+ 1-0

[Event "XXXI Moglianoscacchi B"]
[Site "Mogliano Veneto ITA"]
[Date "2010.04.30"]
[Round "1"]
[White "Ballarin, Pietro"]
[Black "Franceschini, Corrado"]
[Result "1/2-1/2"]
[WhiteElo "1634"]
[BlackElo "1817"]
[PlyCount "92"]
[EventDate "2010.04.30"]

1. e4 c5 2. Nf3 d6 3. d4 cxd4 4. Nxd4 Nf6 5. Nc3 a6 6. f3 e6 7. Be3 Be7 8. Qd2
Qc7 9. O-O-O Bd7 10. g4 b5 11. h4 Nc6 12. h5 b4 13. Nce2 Nxd4 14. Nxd4 e5 15.
Nf5 Bxf5 16. gxf5 Nd7 17. Rg1 Rg8 18. h6 g6 19. fxg6 Rxg6 20. Rxg6 fxg6 21. Qd5
Rc8 22. Qg8+ Nf8 23. Qb3 Qc6 24. Rd5 Bd8 25. Bd2 Rb8 26. Bxb4 Qb6 27. Bxd6 Qf2
28. Qd3 Bg5+ 29. Kb1 Rb5 30. Qe2 Rxd5 31. exd5 Qxe2 32. Bxe2 Nd7 33. c4 Bxh6
34. Kc2 Be3 35. Kd3 Bd4 36. b4 h5 37. c5 Nf6 38. Kc4 Kd7 39. Bf1 g5 40. a4 g4
41. fxg4 hxg4 42. b5 axb5+ 43. axb5 Ne4 44. Bg2 Nxd6+ 45. cxd6 Kxd6 46. Kb4 Bb6
1/2-1/2

[Event "XXXI Moglianoscacchi B"]
[Site "Mogliano Veneto ITA"]
[Date "2010.04.30"]
[Round "1"]
[White "Basso, Pier Luigi"]
[Black "Pavanello, Roberto"]
[Result "0-1"]
[WhiteElo "1684"]
[BlackElo "1837"]
[PlyCount "42"]
[EventDate "2010.04.30"]

1. e4 e5 2. Nf3 Nc6 3. d4 exd4 4. Bc4 Bc5 5. c3 Nf6 6. cxd4 Bb4+ 7. Bd2 Bxd2+
8. Nbxd2 d5 9. exd5 Nxd5 10. Qb3 Na5 11. Qa4+ Nc6 12. Ne5 O-O 13. Nxc6 bxc6 14.
Qxc6 Nb4 15. Qxa8 Nc2+ 16. Kf1 Nxa1 17. Qe4 Re8 18. Qf3 Qe7 19. g4 Nc2 20. Qc3
Bxg4 21. Qxc2 Bh3+ 0-1

[Event "XXXI Moglianoscacchi B"]
[Site "Mogliano Veneto ITA"]
[Date "2010.04.30"]
[Round "1"]
[White "Boraso, Alessio"]
[Black "Guarnieri, Matteo"]
[Result "1-0"]
[WhiteElo "1859"]
[BlackElo "1700"]
[PlyCount "107"]
[EventDate "2010.04.30"]

1. d4 Nf6 2. c4 e6 3. Nc3 Bb4 4. Qc2 d5 5. Bg5 O-O 6. e3 c6 7. Nf3 Nbd7 8. cxd5
exd5 9. Bd3 h6 10. Bf4 Nh5 11. Bg3 Qa5 12. Nd2 Nxg3 13. hxg3 Nf6 14. Nb3 Qc7
15. O-O-O Re8 16. Rh4 a5 17. Rdh1 a4 18. Nd2 a3 19. b3 Qa5 20. Ne2 Bxd2+ 21.
Qxd2 Qxd2+ 22. Kxd2 Ne4+ 23. Ke1 Bf5 24. g4 Nxf2 25. Bxf5 Nxh1 26. Rh3 Re7 27.
Nc3 g6 28. Bc2 b5 29. Nd1 Kg7 30. Rxh1 b4 31. Kd2 Rc8 32. Nf2 c5 33. dxc5 Rxc5
34. Nd3 Rb5 35. Rf1 d4 36. Re1 Rg5 37. exd4 Rxe1 38. Nxe1 Rxg4 39. Kd3 Kf6 40.
Kc4 Ke6 41. Kc5 f5 42. d5+ Kd7 43. Bd3 h5 44. Bb5+ Kd8 45. Kd6 h4 46. Bd7 Rg3
47. Nc2 Rg4 48. Ne3 Rd4 49. Nc4 Rxd5+ 50. Kxd5 Kxd7 51. Ne5+ Ke7 52. Nxg6+ Kf6
53. Nxh4 Kg5 54. Nxf5 1-0

[Event "XXXI Moglianoscacchi B"]
[Site "Mogliano Veneto ITA"]
[Date "2010.04.30"]
[Round "1"]
[White "Bortolotto, Denzio"]
[Black "Negro, Raffaele"]
[Result "0-1"]
[WhiteElo "1725"]
[BlackElo "1865"]
[PlyCount "90"]
[EventDate "2010.04.30"]

1. d4 g6 2. c4 Bg7 3. Nc3 d6 4. e4 Nd7 5. Be3 b6 6. Qd2 h6 7. Nf3 Bb7 8. Bd3 e6
9. h3 Ne7 10. a3 a6 11. b4 c5 12. d5 exd5 13. exd5 Nf5 14. Bxf5 gxf5 15. Rc1
Ne5 16. Nxe5 dxe5 17. Qc2 f4 18. Bd2 cxb4 19. axb4 O-O 20. O-O Rc8 21. Qd3 f5
22. f3 Qd6 23. Na4 Rce8 24. c5 bxc5 25. bxc5 Qxd5 26. Qxd5+ Bxd5 27. c6 Rc8 28.
c7 Rf6 29. Ba5 Bc6 30. Nb6 Rxc7 31. Nd5 Bxd5 32. Rxc7 e4 33. Rd1 Bb3 34. Rd8+
Rf8 35. Rxf8+ Kxf8 36. Bb4+ Kg8 37. fxe4 fxe4 38. Rc6 Bd4+ 39. Kf1 Ba4 40. Rxa6
Bb5+ 41. Ke1 f3 42. gxf3 exf3 43. Rd6 f2+ 44. Kd2 f1=Q 45. Rxd4 Qf2+ 0-1

[Event "XXXI Moglianoscacchi B"]
[Site "Mogliano Veneto ITA"]
[Date "2010.04.30"]
[Round "1"]
[White "Bozzao, Francesco"]
[Black "Pozzobon, Davide"]
[Result "1-0"]
[WhiteElo "1892"]
[BlackElo "1770"]
[PlyCount "41"]
[EventDate "2010.04.30"]

1. e4 c5 2. Nf3 d6 3. d4 cxd4 4. Nxd4 Nf6 5. Nc3 a6 6. Bg5 e6 7. f4 Be7 8. Qf3
Qc7 9. O-O-O b5 10. Bd3 Bb7 11. Rhe1 Nc6 12. Nxc6 Bxc6 13. Ne2 Rc8 14. Kb1 O-O
15. Nd4 Bb7 16. Qh3 g6 17. Qh4 e5 18. fxe5 dxe5 19. Nf3 Qb6 20. Nxe5 Rc5 21.
Nd7 1-0

[Event "XXXI Moglianoscacchi B"]
[Site "Mogliano Veneto ITA"]
[Date "2010.04.30"]
[Round "1"]
[White "Campagnola, Giacomo"]
[Black "Alfier, Cecilia"]
[Result "1-0"]
[WhiteElo "1868"]
[BlackElo "1734"]
[PlyCount "45"]
[EventDate "2010.04.30"]

1. e4 c5 2. Nc3 e6 3. g3 d5 4. Bg2 d4 5. Nce2 Nc6 6. d3 Bd6 7. f4 Nge7 8. Nf3
O-O 9. c3 Bc7 10. O-O b5 11. g4 Ng6 12. f5 Nh4 13. Kh1 Nxf3 14. Bxf3 Ne5 15.
cxd4 cxd4 16. Bf4 Qh4 17. Bg3 Qh3 18. Nf4 Qh6 19. Kg2 Nxf3 20. Qxf3 Bb7 21. Nh3
Bxg3 22. g5 Qh4 23. hxg3 1-0

[Event "XXXI Moglianoscacchi B"]
[Site "Mogliano Veneto ITA"]
[Date "2010.04.30"]
[Round "1"]
[White "Coppo, Gianni"]
[Black "Mumelter, Igor"]
[Result "1-0"]
[WhiteElo "1698"]
[BlackElo "1856"]
[PlyCount "69"]
[EventDate "2010.04.30"]

1. e4 c6 2. Nc3 d5 3. Nf3 Bg4 4. h3 Bxf3 5. Qxf3 e6 6. d4 Bb4 7. e5 c5 8. dxc5
Nc6 9. Bb5 Nge7 10. O-O a6 11. Bxc6+ Nxc6 12. Qg3 Qc7 13. Na4 Qxe5 14. Bf4 Qf6
15. Bd6 Nd4 16. Qd3 Nf5 17. Bc7 Rc8 18. Bb6 Qd4 19. Rfd1 Qxd3 20. Rxd3 Bxc5 21.
Nxc5 Rc6 22. Na4 Rxc2 23. b4 Kd7 24. Bc5 Nd6 25. Nc3 Nc4 26. a4 Rc8 27. a5 Nd2
28. Rd1 Nb3 29. Nxd5 exd5 30. Rxb3 Kc6 31. Re1 Rc7 32. Rbe3 Rc4 33. Re7 Rd7 34.
Rxd7 Kxd7 35. Re7+ 1-0

[Event "XXXI Moglianoscacchi B"]
[Site "Mogliano Veneto ITA"]
[Date "2010.04.30"]
[Round "1"]
[White "De Bortoli, Thomas"]
[Black "Perissotto, Mario"]
[Result "1-0"]
[WhiteElo "1823"]
[BlackElo "1676"]
[PlyCount "81"]
[EventDate "2010.04.30"]

1. e4 c5 2. Nf3 e6 3. d4 cxd4 4. Nxd4 a6 5. Nc3 Qc7 6. Be3 Nf6 7. f3 Nc6 8. Nb3
Bb4 9. Qd2 Ne5 10. Bf4 Bxc3 11. bxc3 Nh5 12. Bxe5 Qxe5 13. Qd4 Qg5 14. g3 e5
15. Qc5 Qe7 16. Qb6 O-O 17. Rd1 Rd8 18. Rd6 Nf6 19. c4 Ne8 20. c5 Nxd6 21. cxd6
Qf6 22. Bc4 Re8 23. O-O Qd8 24. Qc5 b5 25. Bxf7+ Kxf7 26. Qd5+ Kf8 27. f4 Re6
28. fxe5+ Kg8 29. Qxa8 Rxe5 30. Nd4 Qe8 31. Nf5 Rc5 32. Ne7+ Kh8 33. e5 Rxc2
34. Qf3 h6 35. Qf8+ Qxf8 36. Rxf8+ Kh7 37. Nxc8 Rxa2 38. e6 b4 39. e7 b3 40.
e8=Q Rb2 41. Rh8# 1-0

[Event "XXXI Moglianoscacchi B"]
[Site "Mogliano Veneto ITA"]
[Date "2010.04.30"]
[Round "1"]
[White "Della Sala, Bruno"]
[Black "Rosina, Graziano"]
[Result "1/2-1/2"]
[WhiteElo "1740"]
[BlackElo "1873"]
[PlyCount "44"]
[EventDate "2010.04.30"]

1. d4 d5 2. c4 c6 3. Nc3 Nf6 4. Nf3 e6 5. Bg5 Nbd7 6. e3 Qa5 7. Nd2 Bb4 8. Qc2
c5 9. dxc5 dxc4 10. Bxc4 Qxc5 11. Bxf6 Nxf6 12. O-O Bxc3 13. Qxc3 b5 14. Be2
Qxc3 15. Bxb5+ Ke7 16. bxc3 Rd8 17. Nb3 Bd7 18. Bxd7 Rxd7 19. Rfd1 Rc7 20. Kf1
Rxc3 21. Rac1 Rac8 22. Ke2 Nd5 1/2-1/2

[Event "XXXI Moglianoscacchi B"]
[Site "Mogliano Veneto ITA"]
[Date "2010.04.30"]
[Round "1"]
[White "Faini, Ivano"]
[Black "Bonan, Yves"]
[Result "0-1"]
[WhiteElo "1703"]
[BlackElo "1859"]
[PlyCount "108"]
[EventDate "2010.04.30"]

1. c4 Nf6 2. g3 h5 3. h4 d5 4. Bg2 dxc4 5. Qa4+ Bd7 6. Qxc4 Bc6 7. Nf3 Qd5 8.
Qxd5 Bxd5 9. Nc3 e6 10. a3 c6 11. d3 Bxf3 12. Bxf3 Nbd7 13. Bg5 Be7 14. d4 Nd5
15. Nxd5 exd5 16. Bxe7 Kxe7 17. e4 dxe4 18. Bxe4 Nf6 19. Bg2 Rad8 20. Rd1 Rd6
21. O-O Re8 22. d5 Nxd5 23. Rfe1+ Kf8 24. Re4 Nf6 25. Ree1 Rdd8 26. Kf1 Rxe1+
27. Rxe1 Re8 28. Rxe8+ Kxe8 29. Ke2 Kd7 30. Kd3 Kd6 31. b4 b6 32. Bf3 g6 33.
Kd4 Nd7 34. g4 Ne5 35. gxh5 Nxf3+ 36. Ke4 Nxh4 37. h6 g5 38. h7 Ng6 39. Kf5 Ke7
40. Kxg5 Kf8 41. Kf6 c5 42. bxc5 bxc5 43. h8=Q+ Nxh8 44. Ke5 Ng6+ 45. Kd5 Nf4+
46. Ke4 Ne6 47. f4 Ke7 48. f5 Nc7 49. a4 f6 50. a5 Kd6 51. Kd3 Kd5 52. Kc3 Ne8
53. Kb3 a6 54. Kc3 c4 0-1

[Event "XXXI Moglianoscacchi B"]
[Site "Mogliano Veneto ITA"]
[Date "2010.04.30"]
[Round "1"]
[White "Fracasso Pezzolato, Michele"]
[Black "Bortolussi, Andrea"]
[Result "1-0"]
[WhiteElo "1779"]
[BlackElo "1914"]
[PlyCount "97"]
[EventDate "2010.04.30"]

1. e4 e5 2. Nf3 Nf6 3. Nc3 Nc6 4. d4 exd4 5. Nxd4 Bb4 6. Nxc6 bxc6 7. Bd3 Qe7
8. O-O d6 9. Qe2 O-O 10. a3 Ba5 11. b4 Bb6 12. Na4 Bg4 13. Qe1 Rfe8 14. Nxb6
cxb6 15. f3 Qe5 16. Rb1 Bd7 17. Bb2 Qe7 18. Qe3 h6 19. Rbe1 Rad8 20. f4 Bc8 21.
e5 Bb7 22. Qg3 Nh5 23. Qh3 g6 24. g4 Qd7 25. f5 dxe5 26. gxh5 g5 27. Rxe5 Rxe5
28. Bxe5 Qd5 29. Bc7 Qd4+ 30. Rf2 Re8 31. Qf3 Re1+ 32. Bf1 Qd7 33. Qc3 Re4 34.
Bg2 Rg4 35. Be5 c5 36. Qe1 Qd5 37. Bg3 Qd7 38. Bxb7 Qxb7 39. Qe8+ Kh7 40. f6
Re4 41. Qb5 Qd5 42. Qd3 Qxd3 43. cxd3 Re1+ 44. Kg2 cxb4 45. axb4 Re3 46. Rd2
Re6 47. d4 Rxf6 48. d5 a5 49. d6 1-0

[Event "XXXI Moglianoscacchi B"]
[Site "Mogliano Veneto ITA"]
[Date "2010.04.30"]
[Round "1"]
[White "Franciosi, Claudio"]
[Black "Zamengo, Bruno"]
[Result "0-1"]
[WhiteElo "1697"]
[BlackElo "1848"]
[PlyCount "76"]
[EventDate "2010.04.30"]

1. e4 e6 2. d4 d5 3. Nc3 Bb4 4. e5 c5 5. a3 Bxc3+ 6. bxc3 Qc7 7. Bb5+ Bd7 8.
Bxd7+ Nxd7 9. Ne2 Ne7 10. O-O Rc8 11. Ra2 O-O 12. Ng3 Qa5 13. Qd3 Rc6 14. Bd2
Qa4 15. Rb1 Nb6 16. Qb5 Qxb5 17. Rxb5 Rfc8 18. Bg5 Ng6 19. Be3 a6 20. Rb1 Na4
21. Ne2 b5 22. g3 cxd4 23. Bxd4 Ne7 24. g4 R6c7 25. f4 h6 26. h4 h5 27. gxh5
Nf5 28. Rc1 Nxh4 29. Kf2 Nf5 30. Ke1 Nxd4 31. cxd4 Nc3 32. Rb2 Nxe2 33. Kxe2
Rc3 34. Ra2 R8c4 35. Kd2 Rf3 36. Ke2 Rxf4 37. c3 Rfxd4 38. h6 Rh4 0-1

[Event "XXXI Moglianoscacchi B"]
[Site "Mogliano Veneto ITA"]
[Date "2010.04.30"]
[Round "1"]
[White "Gigovski, Gjoko"]
[Black "Zordan, Antonio"]
[Result "1-0"]
[WhiteElo "1902"]
[BlackElo "1777"]
[PlyCount "93"]
[EventDate "2010.04.30"]

1. d4 d5 2. Nf3 Nf6 3. Bf4 e6 4. e3 Bd6 5. Bg3 Bxg3 6. hxg3 Nbd7 7. Nbd2 c5 8.
c3 b6 9. Bd3 Bb7 10. Qe2 Ne4 11. Rh4 f5 12. O-O-O Qf6 13. Rdh1 h6 14. Bxe4 dxe4
15. Ne1 cxd4 16. exd4 e5 17. Nc2 Rc8 18. Kb1 exd4 19. cxd4 Bd5 20. Ne3 Bf7 21.
g4 fxg4 22. Nxe4 Bg6 23. Nc2 Bxe4 24. Qxe4+ Kd8 25. Rxg4 Qxf2 26. Rxg7 Qf8 27.
Qh4+ Kc7 28. Qg3+ Kd8 29. Rc1 Qf5 30. Qh4+ Kc7 31. Re7 Qg6 32. Qf4+ Kd8 33. Qf7
Qxf7 34. Rxf7 Rg8 35. Ne3 Rxc1+ 36. Kxc1 Kc7 37. g4 Rg6 38. Kd2 Kd6 39. Nf5+
Ke6 40. Re7+ Kd5 41. Rxd7+ Ke4 42. Ne3 a5 43. d5 Rf6 44. Re7+ Kd4 45. d6 Rf2+
46. Ke1 Rxb2 47. d7 1-0

[Event "XXXI Moglianoscacchi B"]
[Site "Mogliano Veneto ITA"]
[Date "2010.04.30"]
[Round "1"]
[White "Gioga, Michele"]
[Black "Franco, Alessandro P."]
[Result "0-1"]
[WhiteElo "1676"]
[BlackElo "1823"]
[PlyCount "64"]
[EventDate "2010.04.30"]

1. d4 Nf6 2. Nf3 e6 3. e3 c5 4. Bd3 Nc6 5. b3 b6 6. Bb2 Bb7 7. Nbd2 Be7 8. O-O
O-O 9. a3 Rc8 10. Ne5 Qc7 11. Ng4 cxd4 12. exd4 Qf4 13. Nxf6+ Bxf6 14. Nf3 Kh8
15. Bc1 Qd6 16. c3 Ne7 17. Bd2 Nd5 18. Rc1 Qxa3 19. Ra1 Qd6 20. Rxa7 Nxc3 21.
Bxc3 Bxf3 22. Qxf3 Rxc3 23. Qe4 g6 24. Bc4 Bxd4 25. Qb7 b5 26. Qxd7 Qxd7 27.
Rxd7 bxc4 28. Rxd4 cxb3 29. Rb4 Ra8 30. g3 Ra2 31. Rb1 Rcc2 32. Rf4 b2 0-1

[Event "XXXI Moglianoscacchi B"]
[Site "Mogliano Veneto ITA"]
[Date "2010.04.30"]
[Round "1"]
[White "Maddaloni, Giovanni"]
[Black "Buzzatti, Francesco"]
[Result "1-0"]
[WhiteElo "1776"]
[BlackElo "1900"]
[PlyCount "45"]
[EventDate "2010.04.30"]

1. e4 g6 2. d4 Bg7 3. Nc3 d6 4. f4 Nf6 5. Nf3 O-O 6. Be2 Bg4 7. O-O Nfd7 8. Be3
c5 9. d5 f5 10. Ng5 Bxe2 11. Qxe2 Qc8 12. Ne6 Rf7 13. exf5 Rxf5 14. g4 Rf7 15.
f5 Nf8 16. fxg6 Rxf1+ 17. Qxf1 Nxg6 18. Qf5 Nd7 19. Rf1 Nf6 20. Nxg7 Qxf5 21.
Nxf5 Nxg4 22. Nh6+ Nxh6 23. Bxh6 {...} 1-0

[Event "XXXI Moglianoscacchi B"]
[Site "Mogliano Veneto ITA"]
[Date "2010.04.30"]
[Round "1"]
[White "Marson, Luca"]
[Black "Sorbera, Enrico"]
[Result "1-0"]
[WhiteElo "1925"]
[BlackElo "1780"]
[PlyCount "82"]
[EventDate "2010.04.30"]

1. e4 e6 2. b3 d5 3. Bb2 Nf6 4. e5 Nfd7 5. f4 c5 6. Nf3 Be7 7. g3 Qc7 8. Bg2
Nc6 9. Nc3 a6 10. O-O O-O 11. Qe2 Rd8 12. Rae1 c4 13. Nxd5 exd5 14. e6 Nf8 15.
exf7+ Kxf7 16. Ng5+ Kg8 17. Qh5 Bc5+ 18. Kh1 Bf5 19. bxc4 dxc4 20. Nxh7 Nxh7
21. Qxf5 Qd6 22. Be4 Nf8 23. Bc3 Bd4 24. g4 Qc5 25. Qxc5 Bxc5 26. Re3 Nb4 27.
Rb1 Nxa2 28. Rxb7 Rab8 29. Rxb8 Rxb8 30. Bd5+ Kh7 31. Rh3+ Kg6 32. f5+ Kg5 33.
Bxc4 Nxc3 34. Rxc3 Bb4 35. Rb3 a5 36. c3 Bd6 37. Rxb8 Bxb8 38. h3 a4 39. Kg2
Nd7 40. d4 a3 41. Ba2 41... Nb6 {...} 1-0